| 000 | 00338nam a22001217a 4500 | ||
|---|---|---|---|
| 020 | _a9781606500590 | ||
| 082 |
_a681.2 _bNEB |
||
| 100 |
_aNebylov, Alexander V. _9110966 |
||
| 245 |
_aAerospace Sensors / _cAlexander V. Nebylov, |
||
| 260 |
_aNew York, _bMomentum Press, _c2013. |
||
| 300 |
_axxv, 348p. ; _bHardbinding |
||
| 942 |
_2ddc _cBK |
||
| 999 |
_c593990 _d593990 |
||